书目信息 |
| 题名: |
无机结构化学习题
|
|
| 作者: | 李伟基, 著 | |
| 分册: | ||
| 出版信息: | 北京 北京大学出版社 2019.03 |
|
| 页数: | 377页 | |
| 开本: | 26cm | |
| 丛书名: | ||
| 单 册: | ||
| 中图分类: | O611.2-44 , O641-44 | |
| 科图分类: | ||
| 主题词: | 无机化学--wu ji hua xue--结构化学--高等学校--习题 | |
| 电子资源: | ||
| ISBN: | 978-7-301-30309-2 | |
| 000 | 00876nam0 2200265 450 | |
| 001 | 202019133613 | |
| 005 | 20190921113345.0 | |
| 010 | @a978-7-301-30309-2@dCNY86.00 | |
| 100 | @a20190918d2019 em y0chiy50 ea | |
| 101 | 0 | @achi |
| 102 | @aCN@b110000 | |
| 105 | @aak a 001yy | |
| 106 | @ar | |
| 200 | 1 | @a无机结构化学习题@Awu ji jie gou hua xue xi ti@f李伟基 ... [等] 著 |
| 205 | @a第2版 | |
| 210 | @a北京@c北京大学出版社@d2019.03 | |
| 215 | @a377页@c图@d26cm | |
| 320 | @a有书目 (第356-363页) 和索引 | |
| 330 | @a本书主要内容包括: 原子和分子的电子组态和状态、基础量子化学、原子轨道、杂化轨道、分子对称性、分子几何与化学键等。 | |
| 606 | 0 | @a无机化学@Awu ji hua xue@x结构化学@x高等学校@j习题 |
| 690 | @aO611.2-44@v5 | |
| 690 | @aO641-44@v5 | |
| 701 | 0 | @a李伟基,@Ali wei ji@f1964-@4著 |
| 801 | 0 | @aCN@c20190905 |
| 905 | @a河南城建学院图书馆@dO611.2-44@eL282 | |
| 无机结构化学习题/李伟基 ... [等] 著.-第2版.-北京:北京大学出版社,2019.03 |
| 377页:图;26cm |
| ISBN 978-7-301-30309-2:CNY86.00 |
| 本书主要内容包括: 原子和分子的电子组态和状态、基础量子化学、原子轨道、杂化轨道、分子对称性、分子几何与化学键等。 |
| ● |
| 相关链接 |
|
|
|
正题名:无机结构化学习题
索取号:O611.2-44/L282
 
预约/预借
| 序号 | 登录号 | 条形码 | 馆藏地/架位号 | 状态 | 备注 |
| 1 | 1440834 | 214408345 | 自科库401/401自科库 62排1列2层/ [索取号:O611.2-44/L282] | 在馆 | |
| 2 | 1440835 | 214408354 | 自科库401/401自科库 62排1列2层/ [索取号:O611.2-44/L282] | 在馆 | |
| 3 | 1440836 | 214408363 | 自科库401/401自科库 62排1列2层/ [索取号:O611.2-44/L282] | 在馆 | |
| 4 | 1440837 | 214408372 | 自科库401/401自科库 62排1列2层/ [索取号:O611.2-44/L282] | 在馆 |